Chanteurs et musiciens en J (par images). - Statistiques

Statistiques générales
  • Ce quiz a été pris 476 fois
  • Le résultat moyen est 9 sur 16
Statistiques - réponses
Par images Réponse % Correct
Michael Jackson
99%
Elton John
94%
Jul
94%
Jenifer
87%
Jay-Z
77%
Joyce Jonathan
70%
JoeyStarr
69%
Jonas Brothers
61%
Jain
56%
Mick Jagger
53%
Janis Joplin
39%
Kery James
31%
Juice Wrld
28%
Jean-Michel Jarre
23%
J. Cole
21%
Robert Johnson
13%
Aucun quiz correspondant
Distribution des résultats
% des personnes avec chaque résultat
Percentile par nombre de réponses
Votre historique - résultats
Vous n’avez pas pris ce quiz